Interpreting the 1987 Use Classes Order (Record no. 9321)

MARC details
000 -LEADER
fixed length control field 00645cab a2200193 4500
001 - CONTROL NUMBER
control field ABS39085
008 - FIXED-LENGTH DATA ELEMENTS--GENERAL INFORMATION
fixed length control field 090401t1988 xxu||||| |||| 00| 0 eng d
035 ## - SYSTEM CONTROL NUMBER
System control number (Sirsi) u14331
041 ## - LANGUAGE CODE
Language code of text/sound track or separate title eng
100 ## - MAIN ENTRY--PERSONAL NAME
Personal name Home, R.
245 ## - TITLE STATEMENT
Title Interpreting the 1987 Use Classes Order
260 ## - PUBLICATION, DISTRIBUTION, ETC.
Date of publication, distribution, etc. 1988
350 ## - PRICE (NR) (BK AM CF MU VM SE) [OBSOLETE]
Price 0
490 ## - SERIES STATEMENT
Series statement Valuer (ISVA)
Volume/sequential designation 57(3) April 1988, 104-105(2)
520 ## - SUMMARY, ETC.
Summary, etc. Looks at the effects of the new Use Classes Order on values . It looks in detail at three classes Food and Drink Class A3 , Dwellinghouses Class C3 and Assembly and Leisure Class D2 .
690 ## - LOCAL SUBJECT ADDED ENTRY--TOPICAL TERM (OCLC, RLIN)
Topical term or geographic name as entry element PLANNING LAW AND PRACTICE
942 ## - ADDED ENTRY ELEMENTS (KOHA)
Suppress in OPAC 0
948 ## - LOCAL PROCESSING INFORMATION (OCLC); SERIES PART DESIGNATOR (RLIN)
c (OCLC) 04/03/1997
Holdings
Withdrawn status Lost status Source of classification or shelving scheme Damaged status Not for loan Home library Current library Shelving location Date acquired Total Checkouts Full call number Barcode Date last seen Copy number Price effective from Koha item type
    Dewey Decimal Classification     London London Journal article 14/09/1999   ABS39085 14331-1001 06/08/2019 1 06/08/2019 Journal article